000 00312 a2200145 4500
001 70903
020 _a8575181637
040 _cAnchieta - Itaigara
240 1 0 _aManual de redação Barsa
_lpor
245 1 0 _aManual de redação Barsa
300 _a391
362 0 _a2005
650 4 _aPortuguês
942 _cBK
999 _c70903
_d70903